00920nam a22002175i 4500001000700000003000900007005001700016008004100033080001100074080003800085100003100123245009800154250001300252260006400265300002100329600003900350600005900389852009300448999001900541952014200560157154ES-MaACL20250817210107.0040809s1863 fr |||| | fre d a27-312 a930 Renan, Ernest. Vie de Jésus1 aLarroque, Patrice.912870810aOpinion des déistes rationalistes sur la Vie de Jésus selon M. Renan / cpar P. Larroque. a2e éd. aParis : bE. Dentu, c1863 (fImp. de L. Tinterlin et Cie.) a32 p. ; c23 cm.04aJesucristo-xBiografías.914003217aRenan, Ernest, d1823-1892. tVie de Jésus291484084 aES-MaACLjT-78-F-6 z- Enc. hol., falto de cub. originalz- Enc. en un vol. facticio c157154d157154 001040708Colección_de_folletosaATENEOMbATENEOMcDEPOFd2008-01-17l0oT-78-F-6p1164430r2023-02-23 00:00:00w2023-02-23yFOLLETOS